UFC Hall Of Famers - Statistics

General Stats
  • This quiz has been taken 414 times
  • The average score is 13 of 30
Answer Stats
Hint Answer % Correct
2023 Anderson Silva
78%
2021 Georges St. Pierre
78%
2022 Daniel Cormier
75%
2023 Jose Aldo
75%
2009 Chuck Liddell
65%
2022 Khabib Nurmagomedov
60%
2003 Royce Gracie
55%
2006 Randy Couture
54%
2012 Tito Ortiz
54%
2015 B.J. Penn
51%
2010 Matt Hughes
50%
2019 Michael Bisping
49%
2003 Ken Shamrock
44%
2013 Forrest Griffin
39%
2018 Ronda Rousey
38%
2008 Mark Coleman
37%
2018 Matt Serra
36%
2023 Donald Cerrone
33%
2019 Rashad Evans
33%
2023 Jens Pulver
30%
2016 Don Frye
29%
2017 Urijah Faber
28%
2015 Bas Rutten
26%
2005 Dan Severn
26%
2019 Rich Franklin
25%
2017 Maurice Smith
24%
2021 Kevin Randleman
23%
2014 Pat Miletich
20%
2016 Antonio Rodrigo Nogueira
17%
2017 Kazushi Sakuraba
12%
No matching quizzes found
Score Distribution
Percent of People with Each Score
Percentile by Number Answered
Your Score History
You have not taken this quiz